Ley Nº 6.701 y reglamento: dispone que los diversos pisos de un edificio y los departamentos en que se divida cada piso podrán pertenecer a distintos propietarios

Gespeichert in:
Bibliographische Detailangaben
Format: Buch
Sprache:Spanisch
Veröffentlicht: Santiago, Chile Diario Oficial 1945
Schlagworte:
Tags: Tag hinzufügen
Keine Tags, Fügen Sie den ersten Tag hinzu!

MARC

LEADER 00000nam a2200000 a 4500
001 UCS3328
003 CL-VaPUC
005 20220914155557.0
008 970620e19450000CL |||||||||||||||||spa|d
999 |c 261068  |d 261066 
040 |c Pontificia Universidad Católica de Valparaíso 
082 0 4 |a 346.043 LEY 1945  |2 21 
245 1 0 |a Ley Nº 6.701 y reglamento: dispone que los diversos pisos de un edificio y los departamentos en que se divida cada piso podrán pertenecer a distintos propietarios 
260 0 3 |a Santiago, Chile  |b Diario Oficial  |c 1945 
300 |a 30 páginas 
583 |a last modification  |c 19970620 00:00:00  |k Rodrigo Vera 
650 0 |a Derecho de propiedad  |9 256450 
650 0 |a Propiedad   |9 255268 
650 0 |a Código sanitario  |9 387494 
650 7 |a LEY DE PROPIEDAD HORIZONTAL  |2 CL-VaPUC  |9 389369 
650 0 |a Accidentes de trabajo  |9 254901 
650 0 |a Construcción de edificios   |9 389370 
651 7 |a CHILE  |2 CL-VaPUC  |9 389371 
942 |c BK  |2 ddc 
945 |d 19970620 00:00:00  |a lriquelm 
952 |0 0  |1 0  |2 ddc  |4 0  |6 346_043000000000000_LEY_1945  |7 0  |8 A  |9 287855  |a BIBDER  |b BIBDER  |d 2019-11-19  |i 1868160  |o 346.043 LEY 1945  |p 1868160  |r 2023-01-25  |t 1  |w 2019-11-19  |y BK  |k DER